| 000 | 00000nam##2200000za#4500 |
| 001 | 9.625321 |
| 003 | CaOODSP |
| 005 | 20200327182838 |
| 007 | ta |
| 008 | 150406|2001||||xxc||||| f|0| 0 fre|d |
| 020 | |a0-662-84706-7 |
| 022 | |a0825-3668 |
| 040 | |aCaOODSP|bfre |
| 043 | |an-cn--- |
| 086 | 1 |aR61-2/8-11F |
| 110 | 1 |aCanada.|bPatrimoine canadien. |bParcs Canada. |
| 245 | 10|aImpacts du pétrole sur les ressources marines d'eaux froides : |bune revue pertinente du mandat, en pleine évolution, de Parcs Canada en matière de vie marine / |cpar N. A. Sloan. |
| 260 | |aOttawa - Ontario : |bPatrimoine canadien. |c2001. |
| 300 | |aiii, 78p. : |c28 cm. |
| 490 | 1 |aPublication hors série|x0825-3668|vN° 11 |
| 500 | |a«La présente revue donne un bref aperçu des effets actuels de la pollution par le pétrole sur le nouveau mandat de Parcs Canada pour la gérance d'écosystèmes représentatifs des eaux froides canadiennes, tant océaniques qu'estuariennes.»--Sommaire. Données de catalogage avant publication (Canada) sont imprimées sur cette publication. |
| 504 | |aBibliographie. |
| 520 | 3 |aLa présente revue donne un bref aperçu des effets actuels de la pollution par le pétrole sur le nouveau mandat de Parcs Canada pour la gérance d'écosystèmes représentatifs des eaux froides canadiennes, tant océaniques qu'estuariennes.--Sommaire |
| 563 | |aCouverture souple |
| 590 | |a01-40|b2001-10-05 |
| 691 | 07|aÉcosystème marin|2gcpds |
| 691 | 07|aDéversement de pétrole|2gcpds |
| 720 | 1 |aSloan, N. A. |
| 776 | 0#|tImpacts du pétrole sur les ressources marines d'eaux froides : |w(CaOODSP)9.605453 |
| 830 | #0|aPublication hors série,|x0825-3668|vN° 11|w(CaOODSP)9.513215 |